| 000 | 00581nam a2200241 a 4500 | ||
|---|---|---|---|
| 001 | 0001-1424 | ||
| 003 | ELIB.Books | ||
| 008 | 160901 2010 eng | ||
| 020 | _aKBTS | ||
| 035 | _a(ELIB.Books)0001-1579 | ||
| 092 |
_a266.001 _bTip |
||
| 100 | _aTippet, Alan. | ||
| 245 | _aMissiology | ||
| 260 |
_aPassadena _bWilliam Carey Library _c1987 |
||
| 300 |
_a457 _c21 Cm |
||
| 500 | _aLibrary | ||
| 650 | _aMission | ||
| 856 |
_nKBTS Library _uKBTS: ELIB |
||
| 942 |
_2ddc _cBK |
||
| 990 | _a2 | ||
| 998 |
_cbat _e2016-09-01 _mcat _u2019-06-25 |
||
| 999 |
_c11424 _d11424 |
||